Adivinhe a Letra: Exagerado - Statistics

Estatísticas Gerais
  • Esse quiz foi jogado 55 vezes
  • A pontuação média é 132 de 158
Estatísticas das Respostas
Resposta % Correto
a
100%
é
100%
E
100%
Amor
97%
amor
97%
Eu
95%
eu
95%
sou
95%
Te
95%
da
92%
Exagerado
92%
exagerado
92%
me
92%
mesmo
92%
aos
90%
até
90%
Até
90%
pés
90%
pés,
90%
teus
90%
um
90%
você
90%
de
87%
Jogado
87%
minha
87%
Na
87%
Se
87%
vida
87%
Adoro
85%
adoro
85%
Daqui
85%
eternidade
85%
Por
85%
por
85%
foram
82%
inventado
82%
mais
82%
maternidade
82%
Nossos
82%
destinos
79%
nunca
79%
Pra
79%
rosas
79%
traçados
79%
tudo
79%
vou
79%
Vou
79%
coisas
77%
mil
77%
Paixão
77%
roubadas
77%
roubadas,
77%
trago
77%
banais
74%
canudo
74%
cruel,
74%
dinheiro,
74%
largo
74%
mentiras
74%
Carreira,
72%
desenfreada
72%
matar
72%
mim
72%
minhas
72%
Minhas
72%
não
72%
ou
72%
amar
69%
mancadas
69%
mendigar,
69%
nas
69%
roubar,
69%
morrer
67%
posso
67%
notar
64%
desculpar
62%
respirar
62%
Com
59%
fome
59%
baby,
21%
baby
21%
Nenhum quiz correspondente encontrado
Distribuição das Pontuações
Porcentagem de Pessoas com Cada Pontuação
Percentil de Números Respondidos
Sua Pontuação Histórica
Você não jogou esse quiz